|
|
|
|
| LEADER |
00000nab a2200000 a 4500 |
| 001 |
vtls010098658 |
| 003 |
SK-MaSNL |
| 005 |
20260303174326.0 |
| 008 |
131021c1973 xo |r|p|||||||000 b|slo |
| 015 |
|
|
|a SNBRB1973
|
| 038 |
|
|
|a SNKBUCL
|
| 040 |
|
|
|a SNKBUCL
|b slo
|c SNKBUCL
|e AACR2
|
| 041 |
|
|
|a slo
|
| 044 |
|
|
|a xo
|c SK
|
| 080 |
|
|
|a 791.43
|x (437.6)
|2 2001
|
| 100 |
1 |
|
|a Palkovič, Pavol,
|d 1930-2009
|4 aut
|9 106078
|
| 245 |
1 |
0 |
|a Problémy s výletmi
|c Pavol Palkovič
|
| 630 |
0 |
7 |
|a Tie malé výlety (film)
|2 snkbucl
|9 1039150
|
| 630 |
0 |
7 |
|a Muž v najlepších rokoch (film)
|2 snkbucl
|9 1201788
|
| 655 |
|
7 |
|a recenzie
|2 snkbucl
|9 21907
|
| 773 |
0 |
|
|t Slovenské pohľady
|g Roč. 89, č. 7 (1973), s. 152-153
|
| 852 |
|
|
|a SNK
|b KIS3GCP
|
| 954 |
|
|
|a odborná, vedecká literatúra pôvodná (slovenská)
|2 lita
|
| 958 |
|
|
|a RC
|
| 999 |
|
|
|c 2096113
|d 2098043
|